书目信息 |
| 题名: |
ASP 数据库系统开发实例导航
|
|
| 作者: | 宣小平 编著 | |
| 分册: | ||
| 出版信息: | 北京 人民邮电出版社 2003 |
|
| 页数: | 431页 | |
| 开本: | 26cm | |
| 丛书名: | 中小型信息管理系统开发实例系列丛书 | |
| 单 册: | ||
| 中图分类: | TP315 | |
| 科图分类: | ||
| 主题词: | 定理系统 | |
| 电子资源: | ||
| ISBN: | 7-115-10952-4 | |
| 000 | 00695Pam2 2200217 45 | |
| 001 | JMS0005894 | |
| 005 | 20050919153936.64 | |
| 010 | @a7-115-10952-4@dCNY45.00 | |
| 100 | @a20030410d2003 ekmy1chiy0120 ea | |
| 101 | 0 | @achi |
| 102 | @aCN@b110000 | |
| 200 | 1 | @aASP 数据库系统开发实例导航@AASP shu ju ku xi tong kai fa shi li dao hang@f宣小平等编著@Fxuan xiao ping deng bian zhu |
| 210 | @a北京@c人民邮电出版社@d2003 | |
| 215 | @a431页@d26cm@e1CD | |
| 225 | 2 | @a中小型信息管理系统开发实例系列丛书 |
| 410 | 0 | @12001 @a中小型信息管理系统开发实例系列丛书 |
| 606 | 0 | @a定理系统 |
| 690 | @aTP315@v4 | |
| 701 | 0 | @a宣小平@Axuan xiao ping@4编著 |
| 801 | 0 | @bTSSF@c20050919 |
| 905 | @a10447@dTP315@e7 | |
| ASP 数据库系统开发实例导航/宣小平等编著.-北京:人民邮电出版社,2003 |
| 431页;26cm+1CD.-(中小型信息管理系统开发实例系列丛书) |
| ISBN 7-115-10952-4:CNY45.00 |
| ● |
| 相关链接 |
|
|
|
|
正题名:ASP 数据库系统开发实例导航
索取号:TP315/7
 
预约/预借
| 序号 | 登录号 | 条形码 | 馆藏地/架位号 | 状态 | 备注 |
| 1 | 0361964 | 203619646 | 第二样本阅览室/ [索取号:TP315/7] | 在馆 | |
| 2 | 0361965 | 203619655 | 第三借阅区/ [索取号:TP315/7] | 在馆 | |
| 3 | 0361966 | 203619664 | 第三借阅区/ [索取号:TP315/7] | 在馆 | |
| 4 | 0361967 | 203619673 | 第三借阅区/ [索取号:TP315/7] | 在馆 | |
| 5 | 0361968 | 203619682 | 第三借阅区/ [索取号:TP315/7] | 在馆 |
本书有关联资源:
1 .光盘 /ISO :ASP实例导航 /宣小平
下载